[Event "Pilsen Region-chT 2223"]
[Site "Czech Republic"]
[Date "2023.02.26"]
[Round "9.2"]
[White "Cisler, Petr"]
[Black "Jakl, Ales"]
[Result "1-0"]
[WhiteElo "2129"]
[BlackElo "1986"]
[PlyCount "71"]
[EventDate "2022.10.09"]
[EventType "team-tourn"]
[EventRounds "11"]
[EventCountry "CZE"]
[SourceTitle "EXT 2024"]
[Source "ChessBase"]
[SourceDate "2023.10.10"]
[SourceVersion "1"]
[SourceVersionDate "2023.10.10"]
[SourceQuality "1"]
[WhiteTeam "Domazlice"]
[BlackTeam "Tachov"]
[WhiteTeamCountry "CZE"]
[BlackTeamCountry "CZE"]

1. e4 c6 2. d3 d5 3. Nd2 dxe4 4. dxe4 e5 5. Bc4 Bc5 6. Ngf3 Qe7 7. 0-0 b5 8. Bb3 Bg4 9. a4 Nd7 10. Qe2 Rb8 11. Re1 Ngf6 12. h3 Bh5 13. Nf1 0-0 14. Ng3 g6 15. Bh6 Rfc8 16. Nxh5 Nxh5 17. Ng5 Nf4 18. Qf3 bxa4 19. Bxf7+ Kh8 20. Bc4 Rf8 21. Bxf8 Rxf8 22. Nf7+ Kg7 23. Kh2 h6 24. Red1 Nb6 25. Ba2 Ne6 26. Bxe6 Qxe6 27. Nd8 Qc8 28. Qc3 Bd4 29. Rxd4 exd4 30. Qxd4+ Kh7 31. Rd1 Qb8+ 32. Kg1 Qc8 33. Qd6 Re8 34. Qf6 Rg8 35. Ne6 Nd7 36. Qf7+ 1-0

[Event "Litomysl op 20th"]
[Site "Litomysl"]
[Date "2019.12.29"]
[Round "5"]
[White "Jakl, Ales"]
[Black "Topola, Rafal"]
[Result "1/2-1/2"]
[WhiteElo "2018"]
[BlackElo "1754"]
[PlyCount "66"]
[EventDate "2019.12.26"]
[EventType "swiss"]
[EventRounds "9"]
[EventCountry "CZE"]
[SourceTitle "CBM 194 Extra"]
[Source "ChessBase"]
[SourceDate "2020.03.31"]
[SourceVersion "1"]
[SourceVersionDate "2020.03.31"]
[SourceQuality "1"]

1. d4 d5 2. Nf3 Nf6 3. Bf4 c5 4. Be5 e6 5. c3 Nc6 6. e3 Nxe5 7. Nxe5 Qb6 8. Qb3 c4 9. Qa4+ Nd7 10. Nxd7 Bxd7 11. Qc2 Bd6 12. f4 Qc7 13. Nd2 f6 14. Be2 b5 15. a3 a5 16. 0-0 0-0 17. Bf3 Bc6 18. g3 f5 19. Rfc1 a4 20. Nf1 Qe7 21. h3 Rf7 22. Re1 Qf6 23. Re2 Kf8 24. Rg2 Qh6 25. h4 g6 26. Nh2 Ke7 27. Qf2 Rg8 28. Kh1 Qf8 29. g4 Rfg7 30. Rg3 Be8 31. Qg2 h5 32. g5 Kd8 33. Be2 Qe7 1/2-1/2

[Event "Litomysl op 20th"]
[Site "Litomysl"]
[Date "2019.12.29"]
[Round "6"]
[White "Nespor, Ivan"]
[Black "Jakl, Ales"]
[Result "0-1"]
[WhiteElo "1715"]
[BlackElo "2018"]
[PlyCount "76"]
[EventDate "2019.12.26"]
[EventType "swiss"]
[EventRounds "9"]
[EventCountry "CZE"]
[SourceTitle "CBM 194 Extra"]
[Source "ChessBase"]
[SourceDate "2020.03.31"]
[SourceVersion "1"]
[SourceVersionDate "2020.03.31"]
[SourceQuality "1"]

1. Nf3 Nf6 2. c4 g6 3. Nc3 d5 4. d4 Bg7 5. cxd5 Nxd5 6. e4 Nxc3 7. bxc3 c5 8. Bb5+ Bd7 9. Bxd7+ Qxd7 10. 0-0 cxd4 11. cxd4 Nc6 12. Be3 0-0 13. Qa4 Qg4 14. Nd2 Qh5 15. Rab1 Qa5 16. Qxa5 Nxa5 17. Rfc1 Rac8 18. d5 b6 19. Kf1 Rfd8 20. Ke2 Kf8 21. Kd3 e6 22. Rxc8 Rxc8 23. Bd4 Bxd4 24. Kxd4 Rc2 25. Kd3 Rxa2 26. Rc1 Rxd2+ 27. Kxd2 Nb3+ 28. Kc2 Nxc1 29. dxe6 Ne2 30. exf7 Kxf7 31. Kb3 Ke6 32. Kc4 a6 33. g3 Ng1 34. f4 h5 35. Kd3 b5 36. Ke3 b4 37. Kf2 Nh3+ 38. Kg2 b3 0-1

[Event "CZE-chT2A 1314"]
[Site "Czech Republic"]
[Date "2013.11.17"]
[Round "2.3"]
[White "Jakl, Ales"]
[Black "Houska, Jiri"]
[Result "0-1"]
[WhiteElo "2043"]
[BlackElo "2212"]
[PlyCount "79"]
[EventDate "2013.11.03"]
[EventType "team-tourn"]
[EventRounds "11"]
[EventCountry "CZE"]
[SourceTitle "EXT 2015"]
[Source "ChessBase"]
[SourceDate "2014.11.20"]
[SourceVersion "1"]
[SourceVersionDate "2014.11.20"]
[SourceQuality "1"]
[WhiteTeam "Tachov"]
[BlackTeam "Plzen Letna"]
[WhiteTeamCountry "CZE"]
[BlackTeamCountry "CZE"]

1. Nf3 c5 2. g3 Nc6 3. d3 g6 4. Bg2 Bg7 5. Nbd2 e5 6. e4 Nge7 7. c4 d6 8. 0-0 0-0 9. a3 f5 10. Rb1 f4 11. b4 b6 12. b5 Nd4 13. Nxd4 cxd4 14. Nf3 Bh6 15. Qb3 Kg7 16. Bb2 g5 17. gxf4 Rxf4 18. Nxd4 exd4 19. Bxd4+ Kf8 20. Be3 Rf7 21. e5 Rb8 22. h4 Ng6 23. Bd5 Nxe5 24. f4 gxf4 25. Bxf7 Qxh4 26. Bd5 Qg3+ 27. Bg2 Qxe3+ 28. Kh1 Bb7 29. d4 Bxg2+ 30. Kxg2 f3+ 31. Kh1 Qxd4 32. Rxf3+ Nxf3 33. Qxf3+ Kg8 34. Rg1+ Bg7 35. Rg4 Qa1+ 36. Rg1 Qe5 37. Qc6 Re8 38. Rg2 Qe1+ 39. Rg1 Qh4+ 40. Kg2 0-1

[Event "CZE-chT2A 1213"]
[Site "Czech Republic"]
[Date "2013.03.24"]
[Round "11.6"]
[White "Novak, Michal"]
[Black "Jakl, Ales"]
[Result "1/2-1/2"]
[WhiteElo "2159"]
[BlackElo "2061"]
[PlyCount "80"]
[EventDate "2012.10.14"]
[EventType "team-tourn"]
[EventRounds "11"]
[EventCountry "CZE"]
[SourceTitle "EXT 2015"]
[Source "ChessBase"]
[SourceDate "2014.11.20"]
[SourceVersion "1"]
[SourceVersionDate "2014.11.20"]
[SourceQuality "1"]
[WhiteTeam "Plzen Sokol"]
[BlackTeam "Tachov"]
[WhiteTeamCountry "CZE"]
[BlackTeamCountry "CZE"]

1. e4 c6 2. d4 d5 3. Nc3 dxe4 4. Nxe4 Nf6 5. Nxf6+ exf6 6. Nf3 Bd6 7. Be2 Be6 8. 0-0 Qc7 9. b3 Nd7 10. c4 0-0-0 11. Qc2 g5 12. c5 Bf4 13. g3 Bxc1 14. Raxc1 h5 15. b4 h4 16. b5 hxg3 17. fxg3 Bd5 18. Bc4 Bxc4 19. Qxc4 Rh3 20. Kg2 Rdh8 21. Qxf7 Qa5 22. Rc2 Qxb5 23. Qc4 Qxc4 24. Rxc4 R3h7 25. Re1 Kc7 26. Ra4 a6 27. Ra3 Nf8 28. Rb3 Ng6 29. Reb1 Kc8 30. h4 gxh4 31. Nxh4 Nxh4+ 32. gxh4 Rg7+ 33. Kh3 Rhg8 34. Rf1 Rg6 35. Rf4 Rg1 36. Rb2 Rh1+ 37. Rh2 Rhg1 38. Rhf2 Rh1+ 39. Rh2 Rhg1 40. Rhf2 Rh1+ 1/2-1/2

[Event "CZE-chT2A 1213"]
[Site "Czech Republic"]
[Date "2013.01.06"]
[Round "6.6"]
[White "Jakl, Ales"]
[Black "Musil, Miroslav"]
[Result "1/2-1/2"]
[WhiteElo "2061"]
[BlackElo "1954"]
[PlyCount "52"]
[EventDate "2012.10.14"]
[EventType "team-tourn"]
[EventRounds "11"]
[EventCountry "CZE"]
[SourceTitle "EXT 2015"]
[Source "ChessBase"]
[SourceDate "2014.11.20"]
[SourceVersion "1"]
[SourceVersionDate "2014.11.20"]
[SourceQuality "1"]
[WhiteTeam "Tachov"]
[BlackTeam "Karlovy Vary II"]
[WhiteTeamCountry "CZE"]
[BlackTeamCountry "CZE"]

1. e4 Nf6 2. Nc3 d5 3. exd5 Nxd5 4. Bc4 c6 5. Qf3 e6 6. Nge2 Nd7 7. d4 N7f6 8. 0-0 Be7 9. Re1 0-0 10. Ne4 b5 11. Bb3 Nxe4 12. Qxe4 Bb7 13. Nf4 Re8 14. c3 Bd6 15. Bc2 g6 16. Nh3 e5 17. Bh6 f5 18. Qd3 e4 19. Qd2 Qc7 20. g3 Bf8 21. Bb3 Kh8 22. a4 a6 23. Bf4 Bd6 24. Bh6 Bf8 25. Bf4 Bd6 26. Bh6 Bf8 1/2-1/2

[Event "CZE-chT2A 1213"]
[Site "Czech Republic"]
[Date "2012.11.18"]
[Round "3.6"]
[White "Jakl, Ales"]
[Black "Ksana, Vaclav"]
[Result "0-1"]
[WhiteElo "2061"]
[BlackElo "2127"]
[PlyCount "88"]
[EventDate "2012.10.14"]
[EventType "team-tourn"]
[EventRounds "11"]
[EventCountry "CZE"]
[SourceTitle "EXT 2015"]
[Source "ChessBase"]
[SourceDate "2014.11.20"]
[SourceVersion "1"]
[SourceVersionDate "2014.11.20"]
[SourceQuality "1"]
[WhiteTeam "Tachov"]
[BlackTeam "Most Chess"]
[WhiteTeamCountry "CZE"]
[BlackTeamCountry "CZE"]

1. Nf3 Nf6 2. g3 g6 3. Bg2 Bg7 4. d3 0-0 5. e4 d6 6. 0-0 c5 7. Re1 Nc6 8. c3 Bd7 9. Nbd2 b5 10. Nf1 b4 11. d4 bxc3 12. bxc3 Rb8 13. e5 Nd5 14. dxc5 Nxc3 15. Qc2 dxe5 16. Nxe5 Nxe5 17. Bf4 Bf5 18. Qxc3 Nd3 19. Qa3 Bxa1 20. Rxa1 Qd4 21. Bxb8 Rxb8 22. Qxa7 Nxf2 23. Qxb8+ Kg7 24. Ne3 Nd3 25. Rf1 Qxe3+ 26. Kh1 Qxc5 27. Qb3 Nf2+ 28. Rxf2 Qxf2 29. Qc3+ f6 30. Qa1 e5 31. a4 e4 32. g4 e3 33. g5 Be4 34. gxf6+ Kh6 35. Qg1 Qxg1+ 36. Kxg1 e2 37. Kf2 Bxg2 38. Kxe2 g5 39. Kf2 Bc6 40. a5 Kg6 41. h4 g4 42. h5+ Kxf6 43. Kg3 Kg5 44. h6 Bb7 0-1

[Event "Zdar nad Sazavou Vysocina op 8th"]
[Site "Zdar nad Sazavou"]
[Date "2011.10.01"]
[Round "9"]
[White "Balazec, Ludovit"]
[Black "Jakl, Ales"]
[Result "0-1"]
[WhiteElo "2024"]
[BlackElo "1974"]
[PlyCount "86"]
[EventDate "2011.09.24"]
[EventType "swiss"]
[EventRounds "9"]
[EventCountry "CZE"]
[SourceTitle "CBM 144 Extra"]
[Source "ChessBase"]
[SourceDate "2011.10.28"]
[SourceVersion "1"]
[SourceVersionDate "2011.10.28"]
[SourceQuality "1"]

1. e4 c6 2. d4 d5 3. Nd2 dxe4 4. Nxe4 Nf6 5. Nxf6+ exf6 6. Bc4 Qd6 7. c3 Be6 8. Bxe6 fxe6 9. Ne2 Nd7 10. 0-0 0-0-0 11. a4 e5 12. Qc2 Qc7 13. b4 g5 14. b5 Re8 15. c4 c5 16. d5 e4 17. a5 Qb8 18. Nc3 Bd6 19. g3 f5 20. Ra3 Be5 21. Bxg5 Rhg8 22. Bh4 Bd4 23. Ne2 Rg4 24. Kh1 Qe5 25. h3 Rxh4 26. gxh4 Qf6 27. Ng3 Ne5 28. Nxe4 fxe4 29. Qxe4 Kd8 30. Rg3 Nxc4 31. Qxh7 Nd2 32. Rd1 Qxf2 33. Qg6 Re1+ 34. Rxe1 Qxe1+ 35. Rg1 Qxg1+ 36. Qxg1 Bxg1 37. Kxg1 Nf3+ 38. Kf2 Nxh4 39. b6 axb6 40. axb6 Kd7 41. Kg3 Ng6 42. Kf3 Kd6 43. Ke4 Nh4 0-1

[Event "Zdar nad Sazavou Vysocina op 8th"]
[Site "Zdar nad Sazavou"]
[Date "2011.09.26"]
[Round "3"]
[White "Jakl, Ales"]
[Black "Vala, Filip"]
[Result "1-0"]
[WhiteElo "1974"]
[BlackElo "2084"]
[PlyCount "131"]
[EventDate "2011.09.24"]
[EventType "swiss"]
[EventRounds "9"]
[EventCountry "CZE"]
[SourceTitle "CBM 144 Extra"]
[Source "ChessBase"]
[SourceDate "2011.10.28"]
[SourceVersion "1"]
[SourceVersionDate "2011.10.28"]
[SourceQuality "1"]

1. e4 c5 2. Nc3 Nc6 3. g3 g6 4. d3 Bg7 5. Nge2 d6 6. Bg2 e6 7. 0-0 Rb8 8. h4 b5 9. Nf4 Nge7 10. Nce2 0-0 11. c3 e5 12. Nh3 Be6 13. Ng5 Bd7 14. f4 h6 15. Nh3 f5 16. Be3 Be6 17. Nf2 Qd7 18. Qd2 Kh7 19. Rfd1 b4 20. d4 bxc3 21. bxc3 exd4 22. cxd4 Bc4 23. e5 Bxe2 24. Qxe2 cxd4 25. Bxd4 Qe6 26. Bc3 dxe5 27. fxe5 Rfd8 28. Kh1 Nd5 29. Qc4 Nce7 30. Bd4 Rbc8 31. Qb3 Rb8 32. Qc4 Rb4 33. Qc5 Nc6 34. Bc3 Nxc3 35. Rxd8 Rc4 36. Rd6 Rxc5 37. Rxe6 Nxe5 38. Rc1 Rc7 39. Re1 Nc4 40. Rc6 Rxc6 41. Bxc6 Ne5 42. Bb7 Nxa2 43. Ra1 Nb4 44. Rxa7 Nbd3 45. Nxd3 Nxd3 46. Bd5 h5 47. Kg2 Ne5 48. Be6 Ng4 49. Kf3 Kh6 50. Ra6 Kh7 51. Rb6 Nf6 52. Bf7 Bh8 53. Kf4 Bg7 54. Ra6 Bh8 55. Ra8 Bg7 56. Rc8 Bh8 57. Bxg6+ Kxg6 58. Rxh8 Nd5+ 59. Ke5 Nf6 60. Ra8 Nd7+ 61. Kf4 Nc5 62. Ra3 Ne6+ 63. Ke5 Nc5 64. Rc3 Nd7+ 65. Kf4 Nf6 66. Rc6 1-0

[Event "Tabor op"]
[Site "Tabor"]
[Date "2008.07.28"]
[Round "3"]
[White "Jakl, Ales"]
[Black "Bartos, Alois"]
[Result "0-1"]
[WhiteElo "1984"]
[BlackElo "2071"]
[PlyCount "88"]
[EventDate "2008.07.26"]
[EventType "swiss"]
[EventRounds "9"]
[EventCountry "CZE"]
[SourceTitle "CBM 125 Extra"]
[Source "ChessBase"]
[SourceDate "2008.09.01"]
[SourceVersion "1"]
[SourceVersionDate "2008.09.01"]
[SourceQuality "1"]

1. e4 c5 2. Nc3 e6 3. g3 g6 4. Bg2 Bg7 5. f4 d6 6. Nf3 Nc6 7. 0-0 Nge7 8. Kh1 0-0 9. d3 Rb8 10. Ne2 b6 11. c3 Bb7 12. Nh4 Qd7 13. Ng1 f5 14. Ngf3 h6 15. Re1 Kh7 16. Qc2 b5 17. Be3 a5 18. Rad1 b4 19. exf5 exf5 20. d4 cxd4 21. Bxd4 Nxd4 22. Nxd4 Bxg2+ 23. Qxg2 bxc3 24. bxc3 Rfc8 25. Qd2 Qb7+ 26. Kg1 Qa7 27. Re3 Nd5 28. Rd3 Nxc3 29. Rxc3 Bxd4+ 30. Qxd4 Qxd4+ 31. Rxd4 Rxc3 32. Rxd6 Rc2 33. Rd7+ Kg8 34. Rd1 Kf7 35. Rd7+ Ke6 36. Rd1 Rbb2 37. Nf3 Rg2+ 38. Kh1 Rxa2 39. Rb1 Rgf2 40. Re1+ Kd5 41. Rd1+ Kc5 42. Ne5 Rxh2+ 43. Kg1 Rag2+ 44. Kf1 Rh1+ 0-1

[Event "Tabor op"]
[Site "Tabor"]
[Date "2007.08.04"]
[Round "8"]
[White "Jakl, Ales"]
[Black "Koubek, Vaclav1111"]
[Result "0-1"]
[WhiteElo "1974"]
[BlackElo "2105"]
[PlyCount "130"]
[EventDate "2007.07.29"]
[EventType "swiss"]
[EventRounds "9"]
[EventCountry "CZE"]
[SourceTitle "EXT 2009"]
[Source "ChessBase"]
[SourceDate "2008.11.26"]
[SourceVersion "1"]
[SourceVersionDate "2008.11.26"]
[SourceQuality "1"]

1. e4 e5 2. Nf3 Nc6 3. Bb5 a6 4. Ba4 d6 5. c3 Bd7 6. 0-0 Nf6 7. Re1 Be7 8. d3 0-0 9. Nbd2 Re8 10. Nf1 Bf8 11. Ng3 Ne7 12. Bb3 Be6 13. Bxe6 fxe6 14. Ng5 Ng6 15. Nh5 h6 16. Nh3 d5 17. Qf3 Kh7 18. g3 Bc5 19. exd5 Qxd5 20. Qxf6 gxf6 21. Nxf6+ Kg7 22. Nxd5 exd5 23. Kg2 Bd6 24. f3 Re7 25. Bd2 Rf7 26. Rf1 Raf8 27. Rae1 b5 28. b3 c6 29. Ng1 a5 30. h4 Rf5 31. Nh3 b4 32. c4 Ne7 33. g4 R5f7 34. h5 Rg8 35. Bc1 Kh7 36. Bb2 d4 37. Bc1 Nf5 38. Ng1 Ng7 39. Kh1 Ne6 40. Nh3 Nc5 41. Rd1 a4 42. bxa4 Nxa4 43. Rf2 Nc3 44. Rg1 Rgf8 45. g5 Rxf3 46. Rxf3 Rxf3 47. Kg2 Rf5 48. gxh6 Ne2 49. Ng5+ Kh8 50. Rf1 Rxf1 51. Kxf1 Nxc1 52. Nf7+ Kh7 53. Nxd6 Nxa2 54. c5 b3 55. Nc4 Nc1 56. Nb2 Kxh6 57. Ke1 Kxh5 58. Kd2 Na2 59. Nc4 Nb4 60. Nb2 Kg4 61. Nc4 Kf4 62. Nb2 Kf5 63. Ke2 Ke6 64. Na4 Kd5 65. Kd2 Na6 0-1

[Event "Tabor op"]
[Site "Tabor"]
[Date "2007.08.01"]
[Round "5"]
[White "Krska, David"]
[Black "Jakl, Ales"]
[Result "1-0"]
[WhiteElo "1731"]
[BlackElo "1974"]
[PlyCount "125"]
[EventDate "2007.07.29"]
[EventType "swiss"]
[EventRounds "9"]
[EventCountry "CZE"]
[SourceTitle "EXT 2009"]
[Source "ChessBase"]
[SourceDate "2008.11.26"]
[SourceVersion "1"]
[SourceVersionDate "2008.11.26"]
[SourceQuality "1"]

1. c4 Nf6 2. Nc3 d6 3. d4 Nbd7 4. e4 e5 5. d5 g6 6. Be3 Bg7 7. f3 Nh5 8. Qd2 f5 9. Bd3 f4 10. Bf2 Bh6 11. Nge2 0-0 12. b4 b6 13. Na4 Ndf6 14. c5 Ne8 15. Rc1 Bd7 16. Nb2 Qg5 17. Rg1 Ng3 18. a4 Nxe2 19. Qxe2 Qe7 20. a5 dxc5 21. bxc5 Rb8 22. axb6 axb6 23. cxb6 cxb6 24. Nc4 Rf6 25. Qb2 b5 26. Nxe5 Ra6 27. Bc5 Nd6 28. Nxd7 Qxd7 29. Ke2 Bg7 30. Bd4 Bxd4 31. Qxd4 Ra4 32. Qb2 b4 33. Ra1 Nb5 34. Rxa4 Nc3+ 35. Kd2 Nxa4 36. Qe5 Re8 37. Qxf4 Qa7 38. Qe3 Nc5 39. Rb1 Qa2+ 40. Bc2 Qc4 41. Bb3 Nxb3+ 42. Qxb3 Qd4+ 43. Ke2 Rc8 44. Rd1 Qb6 45. d6+ Kf8 46. d7 Rd8 47. Qd5 Ke7 48. e5 b3 49. Qd6+ Qxd6 50. Rxd6 b2 51. Rb6 Rxd7 52. Rxb2 Rd5 53. f4 Ke6 54. g4 Rd4 55. Ke3 Ra4 56. Rd2 Ra3+ 57. Ke4 Ra4+ 58. Rd4 Ra2 59. f5+ Ke7 60. f6+ Ke8 61. e6 Rxh2 62. f7+ Ke7 63. Rd8 1-0

[Event "Tabor op"]
[Site "Tabor"]
[Date "2007.07.31"]
[Round "4"]
[White "Jakl, Ales"]
[Black "Vavra, Pavel1111"]
[Result "0-1"]
[WhiteElo "1974"]
[BlackElo "2155"]
[PlyCount "80"]
[EventDate "2007.07.29"]
[EventType "swiss"]
[EventRounds "9"]
[EventCountry "CZE"]
[SourceTitle "EXT 2009"]
[Source "ChessBase"]
[SourceDate "2008.11.26"]
[SourceVersion "1"]
[SourceVersionDate "2008.11.26"]
[SourceQuality "1"]

1. e4 c5 2. Nf3 Nc6 3. d3 g6 4. Nbd2 Bg7 5. g3 d6 6. Bg2 Rb8 7. 0-0 e6 8. Re1 Nge7 9. Nf1 b5 10. h4 h6 11. N3h2 e5 12. Ne3 h5 13. c3 0-0 14. Bf3 Be6 15. g4 hxg4 16. Nexg4 f5 17. exf5 gxf5 18. Nh6+ Bxh6 19. Bxh6 Rf7 20. Kh1 Rh7 21. Rg1+ Kh8 22. Bg5 Qf8 23. Bxc6 Nxc6 24. Qe2 Bd5+ 25. f3 Qf7 26. a4 b4 27. Rg2 bxc3 28. bxc3 Nd8 29. Kg1 Ne6 30. Kf2 Nxg5 31. hxg5 Qg6 32. d4 cxd4 33. cxd4 e4 34. Rc1 Rh3 35. Rc3 Qh5 36. Nf1 Rxf3+ 37. Kg1 Rb1 38. Rh2 Rbxf1+ 39. Qxf1 Rxf1+ 40. Kg2 Rf2+ 0-1

[Event "Klatovy op-A"]
[Site "Klatovy"]
[Date "2007.07.05"]
[Round "6"]
[White "Novotny, Jaroslav2222"]
[Black "Jakl, Ales"]
[Result "1-0"]
[WhiteElo "2055"]
[BlackElo "1968"]
[PlyCount "75"]
[EventDate "2007.06.30"]
[EventType "swiss"]
[EventRounds "9"]
[EventCountry "CZE"]
[SourceTitle "CBM 119 Extra"]
[Source "ChessBase"]
[SourceDate "2007.09.04"]
[SourceVersion "1"]
[SourceVersionDate "2007.09.04"]
[SourceQuality "1"]

1. e4 c6 2. d4 d5 3. e5 Bf5 4. Nc3 h5 5. h4 e6 6. Be2 g6 7. Be3 Bh6 8. f4 Nd7 9. Nf3 Bg4 10. Ng5 Bxe2 11. Qxe2 Ne7 12. 0-0-0 Nf5 13. Bf2 Qe7 14. Rh3 Nb6 15. Nb1 Nc4 16. Nd2 b5 17. Nb3 a5 18. Nc5 a4 19. g4 hxg4 20. Qxg4 Bxg5 21. hxg5 Rxh3 22. Qxh3 0-0-0 23. Rh1 Qa7 24. Qc3 Qa5 25. Qxa5 Nxa5 26. Rh7 Rf8 27. Be1 Nc4 28. b3 axb3 29. cxb3 Nce3 30. Bb4 Re8 31. Rxf7 Rh8 32. Ba5 Rh1+ 33. Kd2 Nf1+ 34. Kc3 Rh3+ 35. Kb4 Kb8 36. Bb6 Rh8 37. Na6+ Kc8 38. Rc7+ 1-0

[Event "Klatovy op-A"]
[Site "Klatovy"]
[Date "2007.07.04"]
[Round "5"]
[White "Jakl, Ales"]
[Black "Pokrupa, Marek"]
[Result "0-1"]
[WhiteElo "1968"]
[BlackElo "2178"]
[PlyCount "112"]
[EventDate "2007.06.30"]
[EventType "swiss"]
[EventRounds "9"]
[EventCountry "CZE"]
[SourceTitle "CBM 119 Extra"]
[Source "ChessBase"]
[SourceDate "2007.09.04"]
[SourceVersion "1"]
[SourceVersionDate "2007.09.04"]
[SourceQuality "1"]

1. e4 c5 2. Nf3 Nc6 3. d3 g6 4. Nbd2 Bg7 5. g3 e6 6. Bg2 Nge7 7. 0-0 0-0 8. Re1 d6 9. Nf1 h6 10. c3 e5 11. h3 Be6 12. N1h2 Qd7 13. g4 d5 14. Qe2 Rad8 15. Bf1 b5 16. b3 c4 17. dxc4 bxc4 18. bxc4 dxe4 19. Nd2 f5 20. Nb3 Qc7 21. Ba3 Rfe8 22. Qc2 Bf7 23. Rad1 Bf8 24. c5 Nd5 25. f3 exf3 26. Nxf3 e4 27. Nfd4 Qg3+ 28. Qg2 Qxg2+ 29. Bxg2 Nxc3 30. Rc1 Nxd4 31. Nxd4 Nxa2 32. Rcd1 Nc3 33. Rd2 Nb5 34. Nxb5 Rxd2 35. Nd6 Bxd6 36. cxd6 Rd8 37. Bf1 R8xd6 38. Bxd6 Rxd6 39. Ra1 Rd7 40. gxf5 gxf5 41. Ra5 Bg6 42. Bc4+ Kh7 43. Be6 Rg7 44. Kf2 Re7 45. Bd5 f4 46. h4 Kg7 47. Bc4 Be8 48. Rf5 Rc7 49. Ba6 Rc2+ 50. Ke1 f3 51. Rf4 Bc6 52. Kd1 Rc3 53. Kd2 Ra3 54. Bc4 e3+ 55. Kc2 e2 56. h5 Be8 0-1

[Event "Klatovy op-A"]
[Site "Klatovy"]
[Date "2007.07.01"]
[Round "2"]
[White "Jurek, Josef"]
[Black "Jakl, Ales"]
[Result "1-0"]
[WhiteElo "2381"]
[BlackElo "1968"]
[PlyCount "69"]
[EventDate "2007.06.30"]
[EventType "swiss"]
[EventRounds "9"]
[EventCountry "CZE"]
[SourceTitle "CBM 119 Extra"]
[Source "ChessBase"]
[SourceDate "2007.09.04"]
[SourceVersion "1"]
[SourceVersionDate "2007.09.04"]
[SourceQuality "1"]

1. c4 Nf6 2. Nc3 e5 3. g3 d6 4. Bg2 Nbd7 5. Nf3 g6 6. d4 Bg7 7. 0-0 0-0 8. e4 Re8 9. h3 a6 10. Re1 Rb8 11. Rb1 b6 12. d5 Nf8 13. Be3 h6 14. b4 g5 15. Nh2 Ng6 16. c5 Qd7 17. Qc2 g4 18. h4 Qe7 19. cxb6 cxb6 20. b5 a5 21. Na4 Qd8 22. Rec1 Bf8 23. Nxb6 Rxb6 24. Qxc8 Qxc8 25. Rxc8 Rxb5 26. Rxb5 Rxc8 27. Rxa5 h5 28. Nf1 Nd7 29. Nd2 Rc1+ 30. Bf1 Ne7 31. Nc4 Rd1 32. Ra8 f5 33. Bg5 Nxd5 34. exd5 Rxd5 35. Ne3 1-0